000 00521nam a22001697a 4500
003 OSt
005 20260629125435.0
008 260629b |||||||| |||| 00| 0 eng d
040 _cChuka University Library
050 _aLB 1590.3 .H37 2005
100 _aHarvey Stephanie
_927917
245 _aThe comprehension toolkit strategy cluster 6: Summarize and Synthesize
260 _aPortsmouth , NH
_bHeinemann
_c2005
300 _a67 p
_bcolored illustrations
650 _aStrategy cluster 6
_931551
942 _2lcc
_cBK
_n0
999 _c25386
_d25386